00281nam a22001337a 4500008004100000020001800041041000800059080000800067100000600075101000800081245003100089942001200120999001500132170404b xxu||||| |||| 00| 0 eng d a9781465259530 aeng a574 a9 aSHM aANIMAL BIOLOGYcSILVIA.W.J 2udccBK c9669d9669